|
|
|
|
| LEADER |
00000cam a2200000 7i4500 |
| 001 |
0000003017 |
| 005 |
20040401.0 |
| 020 |
0 |
0 |
|a 1853395641
|
| 090 |
0 |
0 |
|a 363.61
|b SCH 2003
|
| 100 |
1 |
0 |
|a SCHOUTEN
|h Ton
|
| 245 |
1 |
0 |
|a Community water, community management :
|b from system to service in rural areas
|c Ton Schouten and Patrick Moriarty
|
| 260 |
0 |
0 |
|a London :
|b ITDG ,
|c 2003
|
| 300 |
|
|
|a xvi, 192 p. ;
|c 24 cm.
|
| 500 |
0 |
0 |
|a Includes bibliographical references and index
|
| 650 |
0 |
0 |
|a Water-supply, Rural
|x Developing countries
|x Management
|x Case studies
|
| 650 |
0 |
0 |
|a Water-supply, Rural
|x Developing countries
|x Management
|x Citizen participation
|
| 650 |
0 |
0 |
|a Water-supply, Rural
|x Developing countries
|x Management
|x Evaluation
|
| 700 |
0 |
1 |
|a Moriarty
|h Patrick Barré
|
| 710 |
1 |
1 |
|a IRC International Water and Sanitation Centre
|
| 998 |
|
|
|a JPSM
|
| 999 |
|
|
|a 0000005301
|b Monograph
|c Open Shelf
|e Default branch
|